Loading...
| History - American | 0 | 6 | 0 | 0 | 60 | 16 | 45.50 | 3 | 3 | 0.00 | 0.00 |
| History - European | 0 | 5 | 0 | 1 | 50 | 16 | 73.20 | 1 | 2 | 0.00 | 0.00 |
| Religion | 0 | 3 | 0 | 0 | 30 | 34 | 60.33 | 2 | 2 | 0.00 | 0.00 |
| Social Science | 0 | 3 | 1 | 0 | 25 | 28 | 59.67 | 0 | 2 | 0.00 | 0.00 |
| Current Events | 0 | 2 | 0 | 0 | 20 | 18 | 57.50 | 0 | 1 | 0.00 | 0.00 |
| Painting/Sculpture | 0 | 2 | 0 | 0 | 20 | 40 | 48.50 | 1 | 2 | 0.00 | 0.00 |
| Pop Culture | 0 | 2 | 1 | 1 | 15 | 68 | 92.50 | 0 | 0 | 0.00 | 0.00 |
| History - World | 0 | 2 | 1 | 1 | 15 | 57 | 83.50 | 0 | 0 | 0.00 | 0.00 |
| Philosophy | 0 | 1 | 0 | 0 | 10 | 53 | 53.00 | 1 | 1 | 0.00 | 0.00 |
| Literature - American | 0 | 1 | 0 | 0 | 10 | 56 | 56.00 | 0 | 1 | 0.00 | 0.00 |
| Fine Arts - Other | 0 | 1 | 0 | 0 | 10 | 75 | 75.00 | 0 | 1 | 0.00 | 0.00 |
| Geography | 0 | 1 | 0 | 0 | 10 | 49 | 49.00 | 1 | 1 | 0.00 | 0.00 |
| Science - Other | 0 | 1 | 0 | 1 | 10 | 91 | 91.00 | 0 | 0 | 0.00 | 0.00 |
| Science - Chemistry | 0 | 1 | 1 | 0 | 5 | 55 | 55.00 | 0 | 0 | 0.00 | 0.00 |
| History - Other | 0 | 1 | 1 | 1 | 5 | 107 | 107.00 | 0 | 0 | 0.00 | 0.00 |
| Literature - British | 0 | 0 | 1 | 0 | -5 | 0.00 | 0 | 0 | 0.00 | 0.00 | |
| Science - Physics | 0 | 0 | 1 | 0 | -5 | 0.00 | 0 | 0 | 0.00 | 0.00 | |
| Literature - World | 0 | 0 | 1 | 0 | -5 | 0.00 | 0 | 0 | 0.00 | 0.00 | |
| Mythology | 0 | 0 | 2 | 0 | -10 | 0.00 | 0 | 0 | 0.00 | 0.00 |